AH International Schools' Libraries

What can rabbit see? / (Record no. 49374)

MARC details
000 -LEADER
fixed length control field 00411nam a2200133 4500
020 ## - INTERNATIONAL STANDARD BOOK NUMBER
International Standard Book Number 9781844286638
100 ## - MAIN ENTRY--PERSONAL NAME
Personal name Cousins, Lucy,
Relator term author.
9 (RLIN) 55447
245 ## - TITLE STATEMENT
Title What can rabbit see? /
Remainder of title A lift-the flap book.
Statement of responsibility, etc By Lucy Cousins.
260 ## - PUBLICATION, DISTRIBUTION, ETC. (IMPRINT)
Place of publication, distribution, etc London ;
Name of publisher, distributor, etc Walker Childrens :
Date of publication, distribution, etc 2005.
300 ## - PHYSICAL DESCRIPTION
Extent 16 pages.
Dimensions 8 x 0.1 x 8 inches.
490 ## - SERIES STATEMENT
Series statement Lift the Flap
650 ## - SUBJECT ADDED ENTRY--TOPICAL TERM
9 (RLIN) 51053
Topical term or geographic name as entry element Lift-the-flap books.
942 ## - ADDED ENTRY ELEMENTS (KOHA)
Source of classification or shelving scheme
Koha item type Book
Holdings
Withdrawn status Lost status Source of classification or shelving scheme Damaged status Not for loan Home library Current library Date acquired Total Checkouts Full call number Barcode Checked out Date last seen Date checked out Price effective from Koha item type
          Logos International School Logos International School 08/20/2025 1 E COU 042878 04/30/2026 04/22/2026 04/22/2026 08/20/2025 Book

For any Logos Library related questions please contact Miss Art at swongnarasuk@asianhope.org.

For any Asian Hope Library related questions please contact Miss Raza at graza@asianhope.org.

Click here to explore our ebooks!

Powered by Koha